000 02540nam a2200229Ia 4500
003 Ost
005 20260507074939.0
008 260507s9999||||xx |||||||||||||| ||und||
020 _a9789957243173
040 _cfsecg
041 _aara
082 _a658.1
100 _aطعمة، حسن ياسين
_eمؤلف
245 0 _aنماذج واساليب كمية في الادارة والتخطيط /
_c حسن ياسين طعمة
260 _aعمان:
_bدار الصفاء للنشر,
_c2008
300 _a312 صفحة؛
_bإيضاحات ؛
_c24 سم
520 _aيتناول هذا الكتاب مايلي الفصل الأول : مفهوم المنهج الكمي : مفهوم وخصائص المنهج الكمي : انواع طرق المنهج الكمي : مراحل استخدام الأساليب الكمية وصياغة النموذج الرياضي-الفصل الثاني : الارتباط والانحدار الخطي البسيط : الالاتباط : ارتباط الرتب : الانحدار : الانحدار الخطي-الفصل الثالث : أسلوب تحليل التباين : تحليل التباين باتجاه واحد : المقارنات المقترحة بعد إجراء تحليل التباين-الفصل الرابع : نماذج البرمجة الخطية : الطريقة البيانية : الطريقة الجبرية : الطريقة المبسطة-الفصل الخامس : نماذج النقل والتخصيص : نماذج النقل : صياغة النموذج الرياضي لمشكلة النقل : أنواع مشاكل النقل-الفصل السادس : نماذج المخزون : نموذج الشراء بدون عجز : نموذج الشراء بوجود العجز : نموذج الانتاج بدون عجز-الفصل السابع : اتخاذ القرارات في حالة المخاطرة : مفهوم المخاطرة : البيئة الداخلية والبيئة الخارجية ومعايير القرار : تحليل حساسية القرار في حالة المخاطرة-الفصل الثامن : أساليب تدعيم عملية اتخاذ القرار : نظرية بيز : نظرية المنفعة : شحرة القرارات –الفصل التاسع : تحليل سلاسل ماركوف : إيجاد مصفوفة الاحتمالات الانتقالية : التنبؤ بالحصص السوقية للفترات اللاحقة
653 _aادارة
653 _aادارة اعمال
653 _aتخطيط
942 _cكتاب
999 _c41916
_d41916